000
00440nam a2200157Ia 4500
008
090711s9999 xx 000 0 und d
082
_b
68534
100
_a
वांगीकर बी. पी.
245
_a
वनशेती
300
_a
124
600
_a
वांगीकर बी. पी.
630
_a
वनशेती
700
_a
वांगीकर बी. पी.
730
_a
वनशेती
942
_c
BOOK
999
_c
283789
_d
283789